Caves / (Record no. 8518)

MARC details
000 -LEADER
fixed length control field 00998pam a2200337 a 4500
001 - CONTROL NUMBER
control field 8518
003 - CONTROL NUMBER IDENTIFIER
control field FISKH
005 - DATE AND TIME OF LATEST TRANSACTION
control field 20250917110841.0
008 - FIXED-LENGTH DATA ELEMENTS--GENERAL INFORMATION
fixed length control field 911127s1994 njuab j 001 0 eng
010 ## - LIBRARY OF CONGRESS CONTROL NUMBER
LC control number 91045082
020 ## - INTERNATIONAL STANDARD BOOK NUMBER
International Standard Book Number 081672749X :
Terms of availability $11.89 (est.
020 ## - INTERNATIONAL STANDARD BOOK NUMBER
International Standard Book Number 0816727503 (pbk.) :
Terms of availability $3.95
020 ## - INTERNATIONAL STANDARD BOOK NUMBER
International Standard Book Number 9780816727506
020 ## - INTERNATIONAL STANDARD BOOK NUMBER
International Standard Book Number 9780816727506
040 ## - CATALOGING SOURCE
Original cataloging agency DLC
Transcribing agency DLC
Modifying agency DLC
Language of cataloging eng
050 00 - LIBRARY OF CONGRESS CALL NUMBER
Classification number GB601.2
Item number .R39 1994
082 00 - DEWEY DECIMAL CLASSIFICATION NUMBER
Classification number 551.4/47
Edition number 20
100 1# - MAIN ENTRY--PERSONAL NAME
Personal name Rigby, Susan.
245 10 - TITLE STATEMENT
Title Caves /
Statement of responsibility, etc. Susan Rigby ; illustrated by Robert Burns
260 ## - PUBLICATION, DISTRIBUTION, ETC.
Place of publication, distribution, etc. Mahwah :
Name of publisher, distributor, etc. Troll Associates,
Date of publication, distribution, etc. 1994.
300 ## - PHYSICAL DESCRIPTION
Extent 32 pages :
Other physical details color illustrations ;
Dimensions 23 cm
440 #0 - SERIES STATEMENT/ADDED ENTRY--TITLE
Title Our planet
500 ## - GENERAL NOTE
General note Includes index.
520 ## - SUMMARY, ETC.
Summary, etc. Examines the formation, ecology, and folklore of caves.
650 #0 - SUBJECT ADDED ENTRY--TOPICAL TERM
Topical term or geographic name entry element Caves
General subdivision Juvenile literature.
650 #1 - SUBJECT ADDED ENTRY--TOPICAL TERM
Topical term or geographic name entry element Caves.
700 1# - ADDED ENTRY--PERSONAL NAME
Personal name Burns, Robert,
Relator term illustrator
906 ## - LOCAL DATA ELEMENT F, LDF (RLIN)
a 7
b cbc
c orignew
d 1
e ocip
f 19
g y-gencatlg
942 ## - ADDED ENTRY ELEMENTS (KOHA)
Source of classification or shelving scheme Dewey Decimal Classification
Koha item type Books
Suppress in OPAC No
Holdings
Withdrawn status Lost status Source of classification or shelving scheme Damaged status Not for loan Collection Home library Current library Shelving location Date acquired Total Checkouts Full call number Barcode Date last seen Copy number Price effective from Koha item type
    Dewey Decimal Classification     Non-Fiction Footprints International School Library Network Toul Tom Poung Campus Footprints International School Library Network Toul Tom Poung Campus TTP Secondary Non-Fiction Bookshelves 09/17/2025   RIG 551.4 GB601 .R39 FIS01486 09/17/2025 1 09/17/2025 Books